Cieli sporchi /

Gespeichert in:
Bibliographische Detailangaben
1. Verfasser: Capaldo, Rosario (Verfasst von)
Format: Buch
Sprache:Italienisch
Veröffentlicht: Milano : Nuovi autori, [2008]
Schriftenreihe:Narrativa
Tags: Tag hinzufügen
Keine Tags, Fügen Sie das erste Tag hinzu!

MARC

LEADER 00000nam a22000007i 4500
001 IT\ICCU\MIL\0753561
003 ItRI
005 20260115232142.0
008 081010s2008 it |||||| ||||| |||||c
020 |a 9788875683290 
040 |b ita  |c importazione bologna sebina 
041 7 |a ita  |2 ISO-639-2 
100 1 |a Capaldo, Rosario  |0 IT\ICCU\MILV\329452  |4 aut 
245 1 0 |a Cieli sporchi /  |c Rosario Capaldo. 
260 |a Milano :  |b Nuovi autori,  |c [2008] 
300 |a 70 p. ;  |c 21 cm. 
830 0 |a Narrativa  |0 IT\ICCU\CFI\0012456 
942 |2 ddc  |c BK  |n 0 
952 |0 0  |1 0  |4 0  |6 DOC_853_920000000000000_CAP  |7 0  |9 20951  |a BO  |b BO  |d 2026-01-15  |i 12245  |l 0  |o DOC 853.92 CAP  |p BO12245  |r 2026-01-15 23:21:42  |w 2026-01-15  |x [Sebina 5] [1 v.]  |y BK  |z 1 v. 
952 |0 0  |1 0  |4 0  |6 DOC_853_920000000000000_CAP  |7 0  |9 20952  |a BO  |b BO  |d 2026-01-15  |i 13654  |l 0  |o DOC 853.92 CAP  |p BO13654  |r 2026-01-15 23:21:42  |w 2026-01-15  |x [Sebina 7] [1 v.]  |y BK  |z 1 v. (2. copia) 
999 |c 17898  |d 17898